00156 a2200073 450000100060000010000150000624500300002126000310005139975 aKhana D R aCollege Practical Physics aNew DehlibR Chand & Co.c